Внутренний образ человека в русской и английской языковой картине мира; Коммуникативные аспекты языка и культуры; Ч. 1
| Parent link: | Коммуникативные аспекты языка и культуры: сборник материалов XII Международной научно-практической конференции студентов и молодых ученых, г. Томск, 16-18 мая 2012 г./ Национальный исследовательский Томский политехнический университет (ТПУ), Институт международного образования и языковой коммуникации (ИМОЯК) ; под ред. С. А. Песоцкой.— , 2012 Ч. 1.— 2012.— [С. 92-94] |
|---|---|
| Autore principale: | |
| Ente Autore: | |
| Altri autori: | |
| Riassunto: | Заглавие с титульного листа. Электронная версия печатной публикации. |
| Lingua: | russo |
| Pubblicazione: |
2012
|
| Serie: | Внутрикультурная коммуникация в эпоху информационного общества: социально-философский и образовательный аспекты |
| Soggetti: | |
| Accesso online: | http://www.lib.tpu.ru/fulltext/c/2012/C77/V1/017.pdf |
| Natura: | Elettronico Capitolo di libro |
| KOHA link: | https://koha.lib.tpu.ru/cgi-bin/koha/opac-detail.pl?biblionumber=607936 |
MARC
| LEADER | 00000naa2a2200000 4500 | ||
|---|---|---|---|
| 001 | 607936 | ||
| 005 | 20260316140605.0 | ||
| 035 | |a (RuTPU)RU\TPU\conf\5342 | ||
| 035 | |a RU\TPU\conf\5333 | ||
| 090 | |a 607936 | ||
| 100 | |a 20140905d2012 k y0rusy50 ca | ||
| 101 | 0 | |a rus | |
| 102 | |a RU | ||
| 135 | |a drcn ---uucaa | ||
| 181 | 0 | |a i | |
| 182 | 0 | |a b | |
| 200 | 1 | |a Внутренний образ человека в русской и английской языковой картине мира |f К. А. Зимина |g науч. рук. Д. Ф. Мымрина | |
| 203 | |a Текст |c электронный | ||
| 215 | |a 1 файл (105 Кб) | ||
| 225 | 1 | |a Внутрикультурная коммуникация в эпоху информационного общества: социально-философский и образовательный аспекты | |
| 300 | |a Заглавие с титульного листа. | ||
| 300 | |a Электронная версия печатной публикации. | ||
| 320 | |a [Библиогр.: с. 94 (3 назв.)] | ||
| 337 | |a Adobe Reader | ||
| 461 | 1 | |0 (RuTPU)RU\TPU\conf\4597 |t Коммуникативные аспекты языка и культуры |o сборник материалов XII Международной научно-практической конференции студентов и молодых ученых, г. Томск, 16-18 мая 2012 г. |o в 3 ч. |f Национальный исследовательский Томский политехнический университет (ТПУ), Институт международного образования и языковой коммуникации (ИМОЯК) ; под ред. С. А. Песоцкой |d 2012 | |
| 463 | 0 | |0 (RuTPU)RU\TPU\conf\4599 |t Ч. 1 |v [С. 92-94] |d 2012 | |
| 610 | 1 | |a электронный ресурс | |
| 610 | 1 | |a труды учёных ТПУ | |
| 610 | 1 | |a человек | |
| 610 | 1 | |a русский язык | |
| 610 | 1 | |a английский язык | |
| 610 | 1 | |a внутренний образ | |
| 610 | 1 | |a языковая картина мира | |
| 700 | 1 | |a Зимина |b К. А. | |
| 702 | 1 | |a Мымрина |b Д. Ф. |c лингвист |c доцент Томского политехнического университета, кандидат филологических наук |f 1979- |g Дина Федоровна |4 727 | |
| 712 | 0 | 2 | |a Национальный исследовательский Томский политехнический университет (ТПУ) |b Институт международного образования и языковой коммуникации (ИМОЯК) |b Кафедра лингвистики и переводоведения (ЛиП) |3 (RuTPU)RU\TPU\col\18972 |
| 801 | 1 | |a RU |b 63413507 |c 20140902 | |
| 801 | 2 | |a RU |b 63413507 |c 20160122 |g RCR | |
| 856 | 4 | |u http://www.lib.tpu.ru/fulltext/c/2012/C77/V1/017.pdf | |
| 942 | |c BK | ||